000 00429cam a2200193ua 4500
001 10414
005 20260515114624.0
008 190129n ii |||gr||||Z||||||eng
020 _a9789351768661
040 _cMAIN
041 _aeng
082 _a413.1
100 _aRoshan Tolani,
_eAuthor.
245 _aSynonyms and antonyms
260 _aMeerut:
_bArihant.
300 _a272+22p.
653 _aDictionaries
942 _cBK
999 _c9393
_d9393